Modelové štúdium účinnosti protirakovinového liečiva kamptotecínu diplomová práca

Uložené v:
Podrobná bibliografia
Hlavný autor: Štekláč, Marek
Médium: Kniha
Jazyk:English
Vydavateľské údaje: Bratislava STU FCHPT 2018
On-line prístup:View in OPAC
Tagy: Pridať tag
Žiadne tagy, Buďte prvý, kto otaguje tento záznam!

MARC

LEADER 00000nam a2200000 a 4500
005 20260127134201.0
008 180625 000 0 eng d
035 |a vtls011763950 
039 9 |y 201806251352  |z mschk03 
040 |a STUSCHK1  |b slo  |c STUSCHK1  |e AACR2 
100 1 |a Štekláč, Marek 
245 1 |a Modelové štúdium účinnosti protirakovinového liečiva kamptotecínu  |b diplomová práca  |c Marek Štekláč 
260 |a Bratislava  |b STU FCHPT  |c 2018 
300 |a 63 s.  |b il.  |c 25 cm 
500 |a Študijný program: technická chémia 
500 |a Študijný odbor: chémia, chemické technológie 
500 |a Školiace pracovisko: Oddelenie fyzikálnej chémie 
500 |a Evid. číslo: FCHPT-104542-65172 
910 |a SCHK95 
999 |c 6081  |d 6081